Introduction to mathematical statistics / (Record no. 51664)
[ view plain ]
| 000 -LEADER | |
|---|---|
| fixed length control field | 00788nam a2200253 a 4500 |
| 001 - CONTROL NUMBER | |
| control field | 51664 |
| 003 - CONTROL NUMBER IDENTIFIER | |
| rucl marc code | BD-RjUL |
| 005 - DATE AND TIME OF LATEST TRANSACTION | |
| control field | 20211209075709.0 |
| 008 - FIXED-LENGTH DATA ELEMENTS--GENERAL INFORMATION | |
| fixed length control field | 16.09.s158 nyua 001 0 eng d |
| 035 ## - SYSTEM CONTROL NUMBER | |
| System control number | (BD-RjUL)51784 |
| 040 ## - CATALOGING SOURCE | |
| Original cataloging agency | DLC |
| Transcribing agency | DLC |
| Modifying agency | MCL |
| -- | m.c |
| -- | BD-RjUL |
| Language of cataloging | eng |
| 041 ## - LANGUAGE CODE | |
| Language code of text/sound track or separate title | eng |
| 082 ## - DEWEY DECIMAL CLASSIFICATION NUMBER | |
| Classification number | 519.5 |
| Author mark and year | HOI 1958 |
| Edition number | 23 |
| 100 1# - MAIN ENTRY--PERSONAL NAME | |
| Personal name | Hoel, Paul G., |
| Dates associated with a name | 1905-2000. |
| 9 (RLIN) | 21141 |
| 245 10 - TITLE STATEMENT | |
| Title | Introduction to mathematical statistics / |
| Statement of responsibility, etc. | Paul G. Hoel. |
| 250 ## - EDITION STATEMENT | |
| Edition statement | 2nd ed. |
| 260 ## - PUBLICATION, DISTRIBUTION, ETC. (IMPRINT) | |
| Place of publication, distribution, etc. | New York : |
| -- | London : |
| Name of publisher, distributor, etc. | Wiley & sons, |
| Date of publication, distribution, etc. | 1958 [printing 1961] |
| 300 ## - PHYSICAL DESCRIPTION | |
| Pagination | xi, 331 p. : |
| Illustrations | ill. ; |
| Size | 24 cm. |
| 490 ## - SERIES STATEMENT | |
| Series statement | Wiley publications in statistics |
| 500 ## - GENERAL NOTE | |
| General note | Includes Index. |
| 650 #0 - SUBJECT ADDED ENTRY--TOPICAL TERM | |
| Topical term or geographic name as entry element | Mathematical statistics. |
| 9 (RLIN) | 26551 |
| 830 #0 - SERIES ADDED ENTRY--UNIFORM TITLE | |
| Uniform title | Wiley publications in statistics |
| 942 ## - ADDED ENTRY ELEMENTS (KOHA) | |
| Source of classification or shelving scheme | Dewey Decimal Classification |
| Koha item type | Books |
| Lost status | Source of classification or shelving scheme | Damaged status | Not for loan | Collection code | Permanent Location | Current Location | Shelving location | Date acquired | Source of acquisition | Total Checkouts | Full call number | Date last seen | Copy number | Koha item type | Cost, normal purchase price |
|---|---|---|---|---|---|---|---|---|---|---|---|---|---|---|---|
| Dewey Decimal Classification | Non-fiction | Central Library, University of Rajshahi | Central Library, University of Rajshahi | 05/02/1985 | Socio. econo. | 519.5 HOI 1958 | 01/09/2016 | C-2 | Books | ||||||
| Dewey Decimal Classification | Non-fiction | Central Library, University of Rajshahi | Central Library, University of Rajshahi | 18/10/1962 | Zeitlinger | 519.5 HOI 1961 | 01/09/2016 | C-3 | Books | 45.00 | |||||
| Dewey Decimal Classification | Non-fiction | Central Library, University of Rajshahi | Central Library, University of Rajshahi | 18/10/1962 | Zeitlinger | 519.5 HOI 1961 | 01/09/2016 | C-4 | Books | 45.00 | |||||
| Dewey Decimal Classification | Non-fiction | Central Library, University of Rajshahi | Central Library, University of Rajshahi | 18/10/1962 | Zeitlinger | 519.5 HOI 1961 | 01/09/2016 | C-5 | Books | 45.00 | |||||
| Dewey Decimal Classification | Non-fiction | Central Library, University of Rajshahi | Central Library, University of Rajshahi | 18/10/1962 | Zeitlinger | 519.5 HOI 1961 | 01/09/2016 | C-6 | Books | 45.00 | |||||
| Dewey Decimal Classification | Non-fiction | Central Library, University of Rajshahi | Central Library, University of Rajshahi | 26/08/1961 | Eurolpean agency, Dhaka | 519.5 HOI 1960 | 04/09/2016 | C-7 | Books | 0.00 |